Rwe Npower plc v Kent County Council (Record no. 76787)
[ view plain ]
| 000 -LEADER | |
|---|---|
| fixed length control field | 01487cab a2200181 4500 |
| 001 - CONTROL NUMBER | |
| control field | ##L133068 |
| 008 - FIXED-LENGTH DATA ELEMENTS--GENERAL INFORMATION | |
| fixed length control field | 060407n2006 000 0 eng u |
| 035 ## - SYSTEM CONTROL NUMBER | |
| System control number | (Sirsi) u133068 |
| 041 0# - LANGUAGE CODE | |
| Language code of text/sound track or separate title | eng |
| 245 00 - TITLE STATEMENT | |
| Title | Rwe Npower plc v Kent County Council |
| 260 ## - PUBLICATION, DISTRIBUTION, ETC. | |
| Date of publication, distribution, etc. | 2006 |
| 490 #0 - SERIES STATEMENT | |
| Series statement | Rating and Valuation Reporter |
| Volume/sequential designation | 2006, 103-105(2) |
| 520 ## - SUMMARY, ETC. | |
| Summary, etc. | ACQ/109/2004, 26 September 2005. R sought compensation for a number of plots of land acquired compulsorily by K. Entry was made in April 1987, and the parties agreed that the limitation period for bringing the claim expired on 29 April 1993. At the time of expiry, both sides believed the Limitation Act 1980 did not apply. In 1998, the parties became aware that the limitation period had expired. K decided as a matter of policy not to rely on the time bar, and negotiations continued. The issue to be decided was whether K was estopped from relying on the limitation defence. "Held" (1) R could not rely on the policy decision unless it was communicated to it, which it was not (2) negotiation was not inconsistent with maintaining a limitation defence (3) K could only be disentitled from relying upon a limitation defence if R was able to rely upon a promissory estoppel that it would not do so, and on the evidence it was impossible to find that any such estoppel had been given. |
| 590 ## - LOCAL NOTE (RLIN) | |
| Local note | IKA110406 |
| 650 24 - SUBJECT ADDED ENTRY--TOPICAL TERM | |
| Topical term or geographic name entry element | RWE NPOWER PLC V KENT CC |
| 690 ## - LOCAL SUBJECT ADDED ENTRY--TOPICAL TERM (OCLC, RLIN) | |
| Topical term or geographic name as entry element | PROPERTY-PROPERTY VALUATION AND APPRAISAL-COMPENSATION VALUATION |
| 942 ## - ADDED ENTRY ELEMENTS (KOHA) | |
| Suppress in OPAC | 0 |
| Withdrawn status | Lost status | Source of classification or shelving scheme | Damaged status | Not for loan | Home library | Current library | Shelving location | Date acquired | Total Checkouts | Full call number | Barcode | Date last seen | Copy number | Price effective from | Koha item type |
|---|---|---|---|---|---|---|---|---|---|---|---|---|---|---|---|
| Dewey Decimal Classification | London | London | Journal article | 07/04/2006 | L133068 | 133068-1001 | 06/08/2019 | 1 | 06/08/2019 | Law report |